LEADER 01331nam a2200325 a 4500 001 000000129750 003 CaOOAMICUS 005 20120720101325.0 008 120720s2012 it u000 u ita r 020 $a88-14-17383-4 040 $aPUL$bita 082 04$a342.24 100 1 $aPacini, Marco.$0(OLS)http://pul/name/83076 245 10$aDiritti umani e amministrazioni pubbliche /$cMarco Pacini. 260 $aMilano :$bA. Giuffrè,$c©2012. 300 $aXII, 268 p. ;$c24 cm 490 1 $aSaggi di diritto amministrativo ;$v19 500 $aContiene indici. 504 $aBibliografia in nota. 650 4$aDiritto amministrativo$zEuropa.$0(OLS)http://pul/subject/22610 650 4$aDiritti umani$zEuropa.$0(OLS)http://pul/subject/25882 830 0$aSaggi di diritto amministrativo ;$v19.$0(OLS)http://pul/title/164004 850 $aPUL 852 $aPUL$W1$xSL Diritto e Scienze Sociali 3$y79$m342. 24 PACMA 1$j150206$qDDC 21$B148774$CPULBib$Z2$F148774 $H120561 $82 941 1 $a9 996 $6020$a88-14-17383-4$9(OLS)http://pul/number/150338 996 $6082$a342.24$9(OLS)http://pul/classification/732 996 $6245$aDiritti umani e amministrazioni pubbliche$9(OLS)http://pul/title/164003 996 $6260$aMilano :$bA. Giuffrè$9(OLS)http://pul/publisher/48096 LEADER 01291nam a2200277 u 4500 001 000000061593 003 CaOOAMICUS 005 20070226121036.0 008 010910s1940 it acf u000 u ita u 035 $a10902143 040 $aPUL(R)$bita 100 1 $aManacorda, Guido,$d1879-1965.$0(OLS)http://pul/name/5172 245 13$aIl bolscevismo :$bmarxismo, mistica, meccanesimo, ateismo, morale, politica, economia, letteratura e arte, scuola e propaganda /$cGuido Manacorda. 260 $aFirenze :$bG. C. Sansoni,$c1940. 300 $axv, 347 p., [8] p. di tav. :$bill. ;$c23 cm 500 $aInclude indici. 504 $aBibliografia in nota. 650 4$aBolscevismo.$0(OLS)http://pul/subject/6716 650 4$aSocialismo$xStoria.$0(OLS)http://pul/subject/7757 650 4$aMarxismo.$0(OLS)http://pul/subject/4889 850 $aPUL 852 $aPUL$W1$xDP1 Cons. Gen., Altre Classi 1$y22$m45 D 14$j80224$nBK-PRI$b $qStampati$B80224$CPULBib$Z2$F80224 $H $81 941 1 $a8 961 $aINV: 40104 996 $6245$aIl bolscevismo :$bmarxismo, mistica, meccanesimo, ateismo, morale, politica, economia, letteratura e arte, scuola e propaganda$9(OLS)http://pul/title/82230 996 $6260$aFirenze :$bG. C. Sansoni$9(OLS)http://pul/publisher/48488 LEADER 01825nam a2200361 u 4500 001 000000077087 003 CaOOAMICUS 005 20070226123301.0 008 040119s19961977it u000 u ita u 020 $a8806144685(set) 035 $a10981256 040 $aPUL$bita 041 0 $aita$hger 100 1 $aMusil, Robert,$d1880-1942.$0(OLS)http://pul/name/51302 240 10$aMann ohne Eigenschaften.$lItaliano.$0(OLS)http://pul/title/101027 245 12$aL'uomo senza qualità /$cRobert Musil ; nuova edizione italiana a cura di Adolf Frisé ; introduzione di Bianca Cetti Marinoni ; traduzione di Anita Rho. 260 $aTorino :$bEinaudi,$c1996-1997. 300 $a2 v. ;$c19 cm 490 1 $aEinaudi tascabili.$aLetteratura ;$v465 700 1 $aRho, Anita.$0(OLS)http://pul/name/51305 700 1 $aCetti Marinoni, Bianca.$0(OLS)http://pul/name/51304 700 1 $aFrisé, Adolf,$d1910-2003.$0(OLS)http://pul/name/51303 830 0$aEinaudi tascabili.$pLetteratura ;$v465.$0(OLS)http://pul/title/42976 850 $aPUL 852 $aPUL$W1$xDP1 Cons. Gen., Altre Classi 1$y22$m737 N 1-2$j99016$nBK-PRI$b $qStampati$B99016$CPULBib$Z2$F99016 $HPUL87399,87400 $81 852 $aPUL$W1$xDP1 Cons. Gen., Altre Classi 1$y22$m737 N 1-2$j99016$nBK-PRI$b $qStampati$B99017$CPULBib$Z2$F99017 $HPUL87399,87400 $81 852 $aPUL$W1$xDP1 Fondo Seidl$y56$m4 D 78.1$j193187$bv.1$qFondi$B198544$CPULBib$Z2$F198544 $81 852 $aPUL$W1$xDP1 Fondo Seidl$y56$m4 D 78.2$j193188$bv.2$qFondi$B198545$CPULBib$Z2$F198545 $81 941 1 $a1 941 1 $a8 996 $6020$a8806144685(set)$9(OLS)http://pul/number/101068 996 $6245$aL'uomo senza qualità$9(OLS)http://pul/title/101028 996 $6260$aTorino :$bEinaudi$9(OLS)http://pul/publisher/48130 LEADER 01689nam a2200373 u 4500 001 000000073765 003 CaOOAMICUS 005 20240909123113.0 008 021031s1984 mnu u000 u eng u 020 $a0800660153 032 $aLibriCat 035 $a10943430 040 $aPUL$bita 041 1 $aita$agrc$hger 082 00$a226.5 100 1 $aHaenchen, Ernst.$0(OLS)http://pul/name/24989 240 10$aJohannesevangelium. Ein Kommentar.$linglese.$0(OLS)http://pul/title/96933 245 10$aJohn 2 :$ba Commentary on the Gospel of John : Chapters 7-21. /$cby Ernst Haenchen ; Translated by Robert W. Funk ; Edited by Robert W. Funk with Ulrich Busse. 260 $aMinneapolis :$bFortress Press,$c1984. 300 $axviii, 366 p. ;$c25 cm 490 1 $aHermeneia : a critical and historical commentary on the Bible 500 $aIncludes bibliographical references (p. 254-346) and index. 630 04$aBiblia.$pN.T.$pIohannes.$lInglese.$2//eng$0(OLS)http://pul/subject/37952 700 1 $aFunk, Robert W.$0(OLS)http://pul/name/48873 830 0$aHermeneia : a critical and historical commentary on the Bible.$0(OLS)http://pul/title/16749 850 $aPUL 852 $aPUL$W1$xSL Religione 1$y3$m6(1) E 50B$j95292$nBK-PRI$b $qStampati$B95292$CPULBib$Z2$F95292 $81 941 1 $a8 961 $aINV: 90358 996 $6020$a0800660153$9(OLS)http://pul/number/95246 996 $6082$a226.5$9(OLS)http://pul/classification/641 996 $6245$aJohn 2 :$ba Commentary on the Gospel of John : Chapters 7-21.$9(OLS)http://pul/title/96934 996 $6260$aMinneapolis :$bFortress Press$9(OLS)http://pul/publisher/52703 LEADER 01219nam a2200325 u 4500 001 000000042413 003 CaOOAMICUS 005 20250325111136.0 008 990226s1989 it u000 u ita u 035 $a10815629 040 $aPUL(R)$bita 041 1 $aita$hger 100 1 $aZirker, Hans,$d1935-$0(OLS)http://pul/name/31153 240 10$aReligionskritik.$lItaliano.$0(OLS)http://pul/title/57221 245 10$aCritica della religione /$cHans Zirker ; edizione italiana a cura di Franco Camera. 260 $aBrescia :$bQueriniana,$c1989. 300 $a286 p. ;$c20 cm 490 1 $aGiornale di teologia ;$v187 504 $aBibliografia a piè pagina. 650 4$aTeologia.$0(OLS)http://pul/subject/118 700 1 $aCamera, Francesco,$d1953-$0(OLS)http://pul/name/54634 830 0$aGiornale di teologia ;$v187.$0(OLS)http://pul/title/9027 850 $aPUL 852 $aPUL$W1$xSL Religione 3$y85$m200 GDT 1.187$j57331$nBK-PRI$qDDC 21$B57331$CPULBib$Z2$F57331 $82 941 1 $a9 961 $aINV: 65146 983 0$aGdT. 996 $6245$aCritica della religione$9(OLS)http://pul/title/57222 996 $6260$aBrescia :$bQueriniana$9(OLS)http://pul/publisher/47906